Calculus with analytic geometry / (Record no. 12044)

MARC details
000 -LEADER
fixed length control field 00839nam a22002532 4500
001 - CONTROL NUMBER
control field 0000012624
005 - DATE AND TIME OF LATEST TRANSACTION
control field 20151217155219.0
008 - FIXED-LENGTH DATA ELEMENTS--GENERAL INFORMATION
fixed length control field 090226s xx 000 0 eng d
020 ## - INTERNATIONAL STANDARD BOOK NUMBER
International Standard Book Number 0669327093 :
040 ## - CATALOGING SOURCE
Original cataloging agency KABU
Transcribing agency KABU
100 1# - MAIN ENTRY--PERSONAL NAME
Personal name Larson, Roland E.
-- 0000169500
245 10 - TITLE STATEMENT
Title Calculus with analytic geometry /
Statement of responsibility, etc. Roland E. Larson, Robert P. Hostetler, Bruce H. Eduwards.
250 ## - EDITION STATEMENT
Edition statement 5th ed.
260 ## - PUBLICATION, DISTRIBUTION, ETC. (IMPRINT)
Place of publication, distribution, etc. Lexington, MA. :
Name of publisher, distributor, etc. D. C. Heath,
Date of publication, distribution, etc. 1994.
300 ## - PHYSICAL DESCRIPTION
Extent xxxvii, 1127, 129 p.
650 #0 - SUBJECT ADDED ENTRY--TOPICAL TERM
Topical term or geographic name as entry element Calculus.
-- 0000144959
650 #0 - SUBJECT ADDED ENTRY--TOPICAL TERM
Topical term or geographic name as entry element Geometry, Analytic.
-- 0000148455
700 1# - ADDED ENTRY--PERSONAL NAME
Personal name Hostetler, Robert P.
-- 0000155082
700 1# - ADDED ENTRY--PERSONAL NAME
Personal name Edwards, Bruce H.
-- 0000154594
852 1# - LOCATION
-- p500 KES
908 ## - PUT COMMAND PARAMETER (RLIN)
Put command parameter 090226
950 ## - LOCAL HOLDINGS (RLIN)
-- 1
Holdings
Withdrawn status Lost status Source of classification or shelving scheme Not for loan Home library Current library Date acquired Total Checkouts Full call number Barcode Date last seen Date last checked out Price effective from Koha item type Total Renewals
    Library of Congress Classification   Kabarak, Main Campus Kabarak, Main Campus 17/12/2015 20 QA303 .L37 1994 c. 1 16804 25/06/2024 24/07/2023 17/12/2015 General Collection  
    Library of Congress Classification   Kabarak, Main Campus Kabarak, Main Campus 17/12/2015 25 QA303 .L37 1994 c. 2 017203 18/08/2023 03/08/2023 17/12/2015 General Collection 1
Designed with assistance from East African Informatics Ltd